000 00596nam a22001937a 4500
005 20251108173449.0
008 250721s2005 xx 000 0 ara d
082 1 4 _a658.45/فقي
100 1 _aالفقيه، شادي علي
245 1 0 _aأساليب الإقناع /
264 1 _aبيروت :
_bدار نوبليس،
_c2005.
300 _a92 ص
490 0 _aالسلسلة الإدارية الحديثة
650 1 7 _aإدارة الأفراد
650 1 7 _aالأبحاث الإدارية
650 1 7 _aالاتصالات الإدارية
942 _2ddc
_cBK
999 _c104495
_d104495